[Event "St Petersburg-ch Seniors Blitz"]
[Site "St Petersburg"]
[Date "2022.10.05"]
[Round "2"]
[White "Moroz, Yuri1111"]
[Black "Klots, Leonid"]
[Result "0-1"]
[WhiteElo "1629"]
[BlackElo "1918"]
[PlyCount "72"]
[EventDate "2022.10.05"]
[EventType "swiss"]
[EventRounds "11"]
[EventCountry "RUS"]
[SourceTitle "CBM 210 Extra"]
[Source "ChessBase"]
[SourceDate "2022.11.30"]
[SourceVersion "1"]
[SourceVersionDate "2022.11.30"]
[SourceQuality "1"]

1. c3 b6 2. d4 Bb7 3. h4 e6 4. Nd2 f5 5. Nc4 Nf6 6. Bg5 Be7 7. Nf3 d6 8. Qb3 Qd7 9. Ncd2 Nc6 10. e3 a6 11. Be2 Nd8 12. 0-0-0 h6 13. Bf4 Ng4 14. Bg3 Bd5 15. c4 Bb7 16. Qc3 Bf6 17. Ne1 c5 18. dxc5 Bxc3 19. bxc3 bxc5 20. Nb3 Qa4 21. Kb2 Nf7 22. Nc2 0-0 23. f3 Nge5 24. Bxe5 Nxe5 25. Rxd6 Nxc4+ 26. Bxc4 Qxc4 27. Rhd1 Bd5 28. e4 fxe4 29. fxe4 Bxe4 30. Nd2 Qb5+ 31. Kc1 Bxc2 32. Kxc2 Rf2 33. Rxe6 Rd8 34. Re4 Rxg2 35. Kc1 Qa5 36. Re3 Qxa2 0-1

[Event "St Petersburg-ch Seniors Rapid"]
[Site "St Petersburg"]
[Date "2022.10.04"]
[Round "10"]
[White "Shalygin, Andreij"]
[Black "Klots, Leonid"]
[Result "1-0"]
[WhiteElo "2136"]
[BlackElo "1850"]
[PlyCount "91"]
[EventDate "2022.10.03"]
[EventType "swiss (rapid)"]
[EventRounds "10"]
[EventCountry "RUS"]
[SourceTitle "EXT 2024"]
[Source "ChessBase"]
[SourceDate "2023.10.10"]
[SourceVersion "1"]
[SourceVersionDate "2023.10.10"]
[SourceQuality "1"]

1. e4 Nf6 2. e5 Nd5 3. d4 d6 4. c4 Nb6 5. exd6 cxd6 6. Be3 g6 7. Nc3 Bg7 8. Rc1 0-0 9. b3 e5 10. Nf3 Bg4 11. Be2 Nc6 12. dxe5 dxe5 13. 0-0 h6 14. h3 Be6 15. Nb5 Qe7 16. Qd6 Rfe8 17. Rfd1 Qxd6 18. Rxd6 Bf8 19. Rxc6 bxc6 20. Nc7 e4 21. Nd4 Bd7 22. a4 Rac8 23. Nxe8 Rxe8 24. a5 Nc8 25. c5 Ne7 26. Bc4 Rc8 27. b4 g5 28. g4 Ng6 29. Ba6 Rc7 30. f3 exf3 31. Nxf3 Be6 32. Nd4 Bd5 33. Nf5 Nf4 34. Bxf4 gxf4 35. Kf2 Bg7 36. Nxg7 Kxg7 37. Rd1 Re7 38. Rd4 Re3 39. b5 Rf3+ 40. Ke1 Rb3 41. b6 axb6 42. axb6 f3 43. Rxd5 cxd5 44. b7 d4 45. c6 d3 46. Bxd3 1-0

[Event "Izhevsk op-A"]
[Site "Izhevsk"]
[Date "2010.07.22"]
[Round "8"]
[White "Klots, Leonid"]
[Black "Verdnikov, Vladimir"]
[Result "1-0"]
[WhiteElo "2256"]
[BlackElo "2184"]
[PlyCount "95"]
[EventDate "2010.07.15"]
[EventType "swiss"]
[EventRounds "9"]
[EventCountry "RUS"]
[SourceTitle "CBM 137 Extra"]
[Source "ChessBase"]
[SourceDate "2010.09.01"]
[SourceVersion "1"]
[SourceVersionDate "2010.09.01"]
[SourceQuality "1"]

1. e4 d6 2. d4 Nf6 3. f3 g6 4. Be3 c6 5. Nd2 Bg7 6. Nb3 0-0 7. Bd3 Nbd7 8. c4 e5 9. d5 cxd5 10. cxd5 Nh5 11. Ne2 f5 12. 0-0 f4 13. Bf2 g5 14. Nc3 Ndf6 15. Be2 Ne8 16. a4 Nhf6 17. a5 h5 18. Nb5 a6 19. Nc3 g4 20. Nd2 Bh6 21. Nc4 Qe7 22. Nb6 Rb8 23. Nxc8 Rxc8 24. fxg4 hxg4 25. Bxg4 Rc7 26. Be6+ Kh8 27. Qd3 Qg7 28. Bb6 Re7 29. Bd8 Ref7 30. Qh3 Nh7 31. Bxf7 Rxf7 32. Ra3 Nef6 33. Bxf6 Nxf6 34. Qf3 Rc7 35. h3 Rc4 36. Ra4 Rc5 37. Qe2 Qc7 38. Rfa1 Qc8 39. Rb4 Rc7 40. Kh2 Rg7 41. Rf1 f3 42. Rxf3 Nh5 43. Rc4 Qd8 44. Qf2 Bf4+ 45. Kg1 Ng3 46. Ne2 Nxe2+ 47. Qxe2 Qxa5 48. Rxf4 1-0

[Event "Izhevsk op-A"]
[Site "Izhevsk"]
[Date "2010.07.18"]
[Round "4"]
[White "Klots, Leonid"]
[Black "Kotenko, Pavel"]
[Result "1/2-1/2"]
[WhiteElo "2256"]
[BlackElo "2396"]
[PlyCount "49"]
[EventDate "2010.07.15"]
[EventType "swiss"]
[EventRounds "9"]
[EventCountry "RUS"]
[SourceTitle "CBM 137 Extra"]
[Source "ChessBase"]
[SourceDate "2010.09.01"]
[SourceVersion "1"]
[SourceVersionDate "2010.09.01"]
[SourceQuality "1"]

1. c4 Nf6 2. Nc3 g6 3. g3 Bg7 4. Bg2 0-0 5. d3 c5 6. h4 Nc6 7. Nh3 d6 8. Nf4 h6 9. Rb1 e6 10. Bd2 Bd7 11. a3 Qc8 12. b4 cxb4 13. axb4 Ne7 14. b5 Re8 15. Qb3 e5 16. Nfd5 Nexd5 17. Nxd5 Nxd5 18. Bxd5 Be6 19. Bg2 e4 20. 0-0 Bh3 21. Bf4 Bxg2 22. Kxg2 Qe6 23. Qa3 d5 24. c5 Kh7 25. dxe4 1/2-1/2

[Event "Perm"]
[Site "Perm"]
[Date "2010.06.11"]
[Round "8"]
[White "Klots, Leonid"]
[Black "Nevioselaya, Maria"]
[Result "1/2-1/2"]
[WhiteElo "2260"]
[BlackElo "1926"]
[PlyCount "64"]
[EventDate "2010.06.07"]
[EventType "tourn"]
[EventRounds "9"]
[EventCountry "RUS"]
[SourceTitle "EXT 2012"]
[Source "ChessBase"]
[SourceDate "2011.11.24"]
[SourceVersion "1"]
[SourceVersionDate "2011.11.24"]
[SourceQuality "1"]

1. e4 c6 2. d3 d5 3. Nd2 e5 4. g3 Nf6 5. Bg2 Bd6 6. Ngf3 0-0 7. 0-0 Qe7 8. Re1 dxe4 9. Nxe4 Nxe4 10. Rxe4 Bf5 11. Re1 Qc7 12. a4 a5 13. Bd2 Na6 14. Bc3 Rfe8 15. Nd2 Bb4 16. Nc4 f6 17. Qd2 Rad8 18. Ne3 Be6 19. Qe2 Qf7 20. Nf1 Bd5 21. Nd2 Bxg2 22. Kxg2 b6 23. Qf3 Qd5 24. Re2 Qxf3+ 25. Kxf3 Kf7 26. Nc4 Bc5 27. Bd2 Nc7 28. Be3 Bxe3 29. fxe3 Na8 30. Ra3 c5 31. e4 Rd4 32. Rf2 Re6 1/2-1/2

[Event "Perm op-B 11"]
[Site "Perm"]
[Date "2008.11.26"]
[Round "7"]
[White "Goldshtein, Grigory"]
[Black "Klots, Leonid"]
[Result "1/2-1/2"]
[WhiteElo "2176"]
[BlackElo "2252"]
[PlyCount "28"]
[EventDate "2008.11.20"]
[EventType "swiss"]
[EventRounds "7"]
[EventCountry "RUS"]
[SourceTitle "EXT 2022"]
[Source "ChessBase"]
[SourceDate "2021.10.06"]
[SourceVersion "1"]
[SourceVersionDate "2021.10.06"]
[SourceQuality "1"]

1. c4 e5 2. Nc3 Nc6 3. Nf3 g6 4. d4 exd4 5. Nxd4 Bg7 6. Nxc6 bxc6 7. e4 d6 8. Be3 c5 9. Be2 Ne7 10. Qd2 Nc6 11. Nd5 h6 12. 0-0 Nd4 13. Bd3 c6 14. Nc3 Rb8 1/2-1/2

[Event "Perm op-A 10"]
[Site "Perm"]
[Date "2008.10.??"]
[Round "7"]
[White "Gavrilov, Andrei"]
[Black "Klots, Leonid"]
[Result "1/2-1/2"]
[WhiteElo "2201"]
[BlackElo "2252"]
[PlyCount "101"]
[EventDate "2008.10.15"]
[EventType "swiss"]
[EventRounds "8"]
[EventCountry "RUS"]
[SourceTitle "EXT 2022"]
[Source "ChessBase"]
[SourceDate "2021.10.06"]
[SourceVersion "1"]
[SourceVersionDate "2021.10.06"]
[SourceQuality "1"]

1. e4 Nf6 2. e5 Nd5 3. d4 d6 4. Nf3 g6 5. c4 Nb6 6. Nc3 Bg7 7. Be3 0-0 8. h3 Nc6 9. exd6 cxd6 10. Qd2 e5 11. d5 Ne7 12. Bh6 Nd7 13. Bxg7 Kxg7 14. Be2 a5 15. Ng5 Nc5 16. Nge4 b6 17. f4 f5 18. Nxc5 bxc5 19. Nb5 Ng8 20. 0-0-0 Re8 21. fxe5 Rxe5 22. Bf3 Nh6 23. Rhe1 Nf7 24. g4 fxg4 25. Bxg4 Ba6 26. Be6 Qh4 27. Bxf7 Qxc4+ 28. Nc3 Kxf7 29. Rxe5 dxe5 30. d6 Qf4 31. Nd5 Qxd2+ 32. Rxd2 Rd8 33. Rf2+ Kg7 34. Nc7 Bc8 35. h4 Kh6 36. Rf6 Kh5 37. Nd5 Kxh4 38. Kd2 Kg5 39. Ke3 Bb7 40. Re6 Kf5 41. Rf6+ Kg5 42. Re6 h5 43. Ne7 h4 44. Rxg6+ Kh5 45. Re6 h3 46. Rxe5+ Kg4 47. Nf5 Rh8 48. d7 Rd8 49. Nh6+ Kg3 50. Nf5+ Kg2 51. Nh4+ 1/2-1/2